Geography Quiz

Random Geography or Asia Quiz

Mediterranean Countries Minefield Quiz Stats

 Plays Quiz Updated Feb 13, 2019

Support Sporcle.
Go Orange.
Score 0/22 Timer 04:00
15 Plays Today
% Correct
???
99.5%
???
97.2%
???
91.3%
???
88.3%
???
74.6%
???
73.6%
???
64.3%
???
64.2%
???
62%
???
61.9%
???
57.5%
% Correct
???
55.2%
???
54.3%
???
49.1%
???
49%
???
48.6%
???
45.6%
???
45.5%
???
44.1%
???
43.5%
???
43.1%
???
42.6%

You're not logged in!

Compare scores with friends on all Sporcle quizzes.
OR
Log In
Forgot?

From the Vault

An '-ESE' Geography Quiz

by rockgolf

There are just too many '-ESE' puns to choose from.
Remove Ads.
Support Sporcle.
Get the best of Sporcle when you Go Orange. This ad-free experience offers more features, more stats, and more fun while also helping to support Sporcle. Thank you for becoming a member.

Show Comments

Extras

Top Quizzes Today


Score Distribution

Your Account Isn't Verified!

In order to create a playlist on Sporcle, you need to verify the email address you used during registration. Go to your Sporcle Settings to finish the process.

Report this User

Report this user for behavior that violates our Community Guidelines.

Details: